000 00547nam a2200217Ia 4500
003 OSt
005 20230511142458.0
008 210423s2011 xx 000 0 und d
020 _a9781405196833
040 _cAL
041 _aeng
082 _a616.079 DELP
_223
100 _aDELVES (Peter J);others.
_9103185
245 _aRoitts essential immunology.
250 _a25
260 _aUK
_bBlackwell Publications
_c2011
300 _axiii,546
_bPB
365 _b2652
_cINR
906 _aessential ; immunology. ; Roitts
942 _2ddc
_cBK
999 _c164629
_d164629